000 00525nam a2200193 a 4500
001 1772625972087
003 YourLibrary
005 20260304173725.0
008 260304s1992##################000#0#eng##
020 _a9780521413656
082 0 4 _a327.47
_bKAN
100 1 _aKanet, Roger E.,
_eauthor.
245 1 0 _aSoviet Foreign Policy in Transition :
260 _bCambridge University Press,
_c1992.
300 _a342 pages
650 0 _aPolitical Science.
942 _cENGLISH
040 _aYourLibrary
_beng
_cYourLibrary
999 _c616927
_d616927